Detalles MARC
| 000 -LIDER |
| fixed length control field |
01539nam a2200373 a 4500 |
| 001 - NÚMERO DE CONTROL |
| Identificador de número de control |
000004128 |
| 003 - IDENTIFICACDOR DE NÚMERO DE CONTROL |
| control field |
DO-SdBNP |
| 005 - DATE AND TIME OF LATEST TRANSACTION |
| control field |
20180321142413.0 |
| 007 - CAMPOS FIJOS DE DESCRIPCIÓN FÍSICA |
| fixed length control field |
000004128 |
| 008 - ELEMENTOS DE LONGITUD FIJA |
| fixed length control field |
081127s2006 dr a 000 0 spa d |
| 020 ## - ISBN |
| International Standard Book Number |
999341011X |
| 040 ## - FUENTE DE CATALOGACIÓN |
| Agencia que crea de manera original el registro |
BPMSU |
| Idioma de catalogación |
spa |
| Agencia que realiza la transcripción |
BPMSU |
| 082 #4 - NÚMERO DE CLASIFICACIÓN DECIMAL DE DEWEY |
| Classification number |
923.5 |
| Item number |
C117C, 2006 |
| 100 1# - ASIENTO PRINCIPAL -- NOMBRE PERSONAL |
| Nombre personal |
Cassá, Roberto, |
| Fechas asociadas con el nombre |
1948- |
| 245 10 - MENCIÓN DE TITULO |
| Título |
José María Cabral : |
| Subtítulo |
general de tres guerras patrias / |
| Mención de responsabilidad |
Roberto Cassá ; ilustraciones Ramiro Manzano, José Manuel Rodríguez. |
| 250 ## - MENCIÓN DE EDICION |
| Mención de edición |
2a ed. |
| 260 ## - PUBLICACIÓN, DISTRIBUCIÓN, ETC. (PIE DE IMPRENTA) |
| Lugar de publicación, distribución, etc |
Santo Domingo : |
| Nombre del editor, distribuidor, etc. |
Tobogán, |
| Fecha de publicación, distribución, etc |
2006. |
| 270 ## - ADDRESS |
| Address |
Alfa & Omega |
| 300 ## - DESCRIPCIÓN FÍSICA |
| Extensión |
61 p. : |
| Otros detalles físicos |
il. |
| Dimensiones |
21 cm. |
| 490 0# - MENCIÓN DE SERIES |
| Mención de serie |
Biografías dominicanas Tobogán |
| 504 ## - NOTA DE BIBLIOGRAFÍA, ETC. |
| Bibliography, etc |
Biografía : p. 63 |
| 505 0# - NOTA DE CONTENIDO |
| Texto normalizado de contenido |
El prócer -- La formación del guerrero -- Héroe de Santomé -- Con Báez -- Junto a Sánchez contra la anexión -- Héroe de la canela -- Protector -- Segunda vez presidente -- Jefe de la tercera guerra nacional -- Entrega de Salnave -- Caída de la tiranía baecista -- Los años finales -- Bibliografía. |
| 600 ## - ENCABEZAMIENTO DE MATERIA--NOMBRE PERSONAL |
| Nombre personal |
CABRAL, JOSÉ MARIA, |
| Fechas asociadas con el nombre |
1816-1899 |
| 650 #4 - ENCABEZAMIENTO DE MATERIA--TEMÁTICO |
| Término temático o nombre geográfico como elemento de entrada |
REPÚBLICA DOMINICANA |
| Subdivisión temática general |
HISTORIA |
| Fechas activas |
1844-1861 |
| 651 #4 - ENCABEZAMIENTO DE MATERIA--NOMBRE GEOGRÁFICO |
| Nombre geográfico |
REPÚBLICA DOMINICANA |
| Subdivisión temática general |
BIOGRAFIAS |
| 700 1# - ASIENTO SECUNDARIO -- NOMBRE PERSONAL |
| Nombre personal |
Manzano, Ramiro, |
| Mención de responsabilidad |
il. |
| 700 1# - ASIENTO SECUNDARIO -- NOMBRE PERSONAL |
| Nombre personal |
Rodríguez, José Manuel, |
| Mención de responsabilidad |
il. |
| 830 #0 - ASIENTO SECUNDARIO DE SERIE--TÍTULO UNIFORME |
| Título uniforme |
Biografías dominicana Tobogan |
| 942 ## - ADDED ENTRY ELEMENTS (KOHA) |
| Source of classification or shelving scheme |
Dewey Decimal Classification |
| Koha item type |
Libros |
| 945 ## - INFORMACIÓN DE PROCESAMIENTO LOCAL |
| Información de procesamiento local |
Inventariado, 2017/MFF |
| 956 ## - LOCAL ELECTRONIC LOCATION AND ACCESS (OCLC) |
| Nombre de host |
AVARGAS |
| Número de acceso |
10 |
| Información de compresión |
20090717 |
| Inicio de sesión |
BND01 |
| Procesador de solicitud |
0927 |
| 956 ## - LOCAL ELECTRONIC LOCATION AND ACCESS (OCLC) |
| Nombre de host |
TMEREDITH |
| Número de acceso |
10 |
| Información de compresión |
20090827 |
| Inicio de sesión |
BND01 |
| Procesador de solicitud |
0810 |
| 956 ## - LOCAL ELECTRONIC LOCATION AND ACCESS (OCLC) |
| Nombre de host |
VMATEO |
| Número de acceso |
10 |
| Información de compresión |
20110211 |
| Inicio de sesión |
BND01 |
| Procesador de solicitud |
1334 |